[Event "ESTCC 50 2019"]
[Site "Mali Losinj"]
[Date "2019.09.19"]
[Round "2.24"]
[White "Detter, Peter"]
[Black "Lyons, Brendan"]
[Result "0-1"]
[WhiteElo "1982"]
[BlackElo "1971"]
[Annotator "NA"]
[PlyCount "106"]
[EventDate "2019.09.18"]
[EventType "team-tourn"]
[EventCountry "CRO"]
[SourceTitle "playchess.com"]
[Source "ChessBase"]
[SourceQuality "1"]
[WhiteTeam "Austria"]
[BlackTeam "Ireland"]
[WhiteTeamCountry "AUT"]
[BlackTeamCountry "IRL"]
[TimeControl "40/5400+30:1800+30"]

1. d4 {[%emt 0:00:30]} d5 {[%emt 0:02:30]} 2. c4 {[%emt 0:00:00]} Bf5 {[%emt 0:00:30]} 3. cxd5 {[%emt 0:00:00]} Bxb1 {[%emt 0:00:00]} 4. Qa4+ {[%emt 0:01:30]} Qd7 {[%emt 0:02:00]} 5. Qxd7+ {[%emt 0:00:30]} Nxd7 {[%emt 0:00:00]} 6. Rxb1 {[%emt 0:00:00]} Ngf6 {[%emt 0:00:00]} 7. Nf3 {[%emt 0:01:00]} Nb6 {[%emt 0:05:30]} 8. e4 {[%emt 0:12:30]} Nxe4 {[%emt 0:01:30]} 9. Bb5+ {[%emt 0:00:30]} Kd8 {[%emt 0:09:30]} 10. Bd3 {[%emt 0:12:30]} Nd6 {[%emt 0:03:30]} 11. Bf4 {[%emt 0:02:30]} Nxd5 {[%emt 0:01:30]} 12. Bxd6 {[%emt 0:00:30]} exd6 {[%emt 0:13:30]} 13. Ng5 {[%emt 0:04:30]} Ke8 {[%emt 0:03:30]} 14. O-O {[%emt 0:10:30]} h6 {[%emt 0:11:30]} 15. Ne4 {[%emt 0:08:30]} Nf4 {[%emt 0:04:30]} 16. Rfe1 {[%emt 0:08:30]} Kd7 {[%emt 0:01:30]} 17. Bc2 {[%emt 0:03:30]} d5 {[%emt 0:05:30]} 18. Ng3 {[%emt 0:07:30]} g6 {[%emt 0:02:30]} 19. Re3 {[%emt 0:02:30]} Bd6 {[%emt 0:04:30]} 20. Ne2 {[%emt 0:11:04]} Nxe2+ {[%emt 0:04:30]} 21. Rxe2 {[%emt 0:01:04]} Rhe8 {[%emt 0:01:30]} 22. Rbe1 {[%emt 0:00:39]} Bf4 {[%emt 0:00:30]} 23. Kf1 {[%emt 0:01:35]} Bg5 {[%emt 0:04:46]} 24. Rxe8 {[%emt 0:01:18]} Rxe8 {[%emt 0:00:08]} 25. Rxe8 {[%emt 0:01:03]} Kxe8 {[%emt 0:00:08]} 26. Ke2 {[%emt 0:00:03]} a5 {[%emt 0:05:23]} 27. Kd3 {[%emt 0:00:38]} Kd7 {[%emt 0:00:37]} 28. b3 {[%emt 0:00:42]} Kd6 {[%emt 0:00:54]} 29. g3 {[%emt 0:00:49]} b6 {[%emt 0:00:26]} 30. f4 {[%emt 0:00:28]} Bf6 {[%emt 0:00:29]} 31. Bd1 {[%emt 0:00:04]} c5 {[%emt 0:02:26]} 32. dxc5+ {[%emt 0:00:22]} bxc5 {[%emt 0:00:26]} 33. Bf3 {[%emt 0:00:37]} Bd4 {[%emt 0:03:43]} 34. h3 {[%emt 0:03:16]} Bf2 {[%emt 0:05:14]} 35. g4 {[%emt 0:00:07]} Bg3 {[%emt 0:00:27]} 36. Ke3 {[%emt 0:00:43]} g5 {[%emt 0:00:32]} 37. fxg5 {[%emt 0:03:10]} hxg5 {[%emt 0:00:09]} 38. Kd3 {[%emt 0:00:31]} Ke5 {[%emt 0:00:12]} 39. Ke3 {[%emt 0:00:33]} Bf4+ {[%emt 0:00:36]} 40. Kd3 {[%emt 0:00:05]} Bc1 {[%emt 0:00:15]} 41. Bg2 {[%emt 0:01:09]} f6 {[%emt 0:05:39]} 42. a4 {[%emt 0:01:30]} d4 {[%emt 0:01:30]} 43. Be4 {[%emt 0:03:30]} Kf4 {[%emt 0:00:30]} 44. Bf5 {[%emt 0:00:30]} Kg3 {[%emt 0:00:30]} 45. Be6 {[%emt 0:00:00]} Kxh3 {[%emt 0:02:30]} 46. Bf5 {[%emt 0:00:00]} Kg3 {[%emt 0:00:30]} 47. Be6 {[%emt 0:02:30]} Kf2 {[%emt 0:01:30]} 48. Bd5 {[%emt 0:00:30]} f5 {[%emt 0:04:30]} 49. gxf5 {[%emt 0:00:30]} g4 {[%emt 0:00:30]} 50. Kc4 {[%emt 0:00:30]} g3 {[%emt 0:00:00]} 51. Kxc5 {[%emt 0:00:00]} d3 {[%emt 0:00:00]} 52. Be4 {[%emt 0:01:00]} d2 {[%emt 0:00:30]} 53. Bc2 {[%emt 0:00:00]} g2 {[%emt 0:00:00]} 0-1

[Event "ESTCC 50 2019"]
[Site "Mali Losinj"]
[Date "2019.09.20"]
[Round "3.1"]
[White "Burmakin, Vladimir"]
[Black "Kozul, Zdenko"]
[Result "0-1"]
[WhiteElo "2496"]
[BlackElo "2569"]
[Annotator "TA"]
[PlyCount "104"]
[EventDate "2019.09.18"]
[EventType "team-tourn"]
[EventCountry "CRO"]
[SourceTitle "playchess.com"]
[Source "ChessBase"]
[SourceQuality "1"]
[WhiteTeam "Russia"]
[BlackTeam "Croatia"]
[WhiteTeamCountry "RUS"]
[BlackTeamCountry "CRO"]

{[%evp 9,104,10,21,16,48,38,38,36,20,4,26,9,26,8,8,0,0,4,6,1,2,8,23,-26,-17,-17,-25,-32,-11,-13,-22,-23,0,-14,-9,-25,-13,-23,-11,-14,0,-2,0,0,0,0,8,-31,-29,-31,-39,-22,0,-12,0,0,0,-16,7,0,0,0,0,0,0,-44,-43,-35,-44,-40,-41,-32,-43,-53,-42,-992,-837,-947,-686,-560,-274,-274,-316,-298,-308,-293,-279,-280,-255,-259,-258,-256,-183,-259,-257,-29969,-12008]} 1. d4 Nf6 2. Nf3 g6 3. Bf4 d6 4. e3 Nh5 5. Bg5 h6 6. Bh4 {A48: 1 d4 Nf6 2 Nf3 g6: Torre, London and Colle Systems} g5 7. Nfd2 Ng7 8. Bg3 {White is slightly better.} Nf5 9. Be2 (9. c3 Bg7 10. Bd3 e6 11. Na3 Nd7 12. Qf3 Nxg3 13. hxg3 {½-½ (53) Le,Q (2739)-Kasparov,G (2812) Saint Louis 2017}) 9... Nd7 10. c3 a6 $146 ({Predecessor:} 10... Bg7 11. e4 Nxg3 12. hxg3 e6 13. a4 {½-½ (26) Staniland,P (1965)-Crombleholme,A (1974) Hull 2018}) 11. Qc2 e6 12. e4 Nxg3 13. hxg3 c5 14. d5 exd5 15. exd5 Nf6 16. c4 Bg7 17. Nc3 O-O 18. O-O Re8 19. Rae1 Bd7 20. Bd3 Qa5 21. Nde4 Nxe4 22. Nxe4 b5 23. Re2 bxc4 24. Bxc4 Qb6 25. b3 a5 26. a4 Rab8 27. Rfe1 Bd4 28. Kf1 Kg7 29. Nc3 Rxe2 30. Rxe2 Qd8 31. Bb5 Bg4 32. Re8 Qc7 33. Re1 Bh5 34. Bc4 Qd8 35. Nb5 Qf6 36. Qd2 Bg6 37. Rd1 Be5 $36 {[%mdl 2048] Black is more active.} 38. Kg1 h5 39. Bd3 Bxd3 40. Qxd3 g4 41. Na7 Bd4 42. Rd2 $2 {[%mdl 8192]} (42. Qc2 $15) 42... Re8 $19 43. Qf1 {[#]} c4 $1 {[%mdl 512]} 44. Nb5 (44. bxc4 Bxa7) 44... Bc3 (44... Bc5 $142 45. Nc7 (45. bxc4 $2 h4 $19) 45... Rc8) 45. Re2 Rxe2 46. Qxe2 cxb3 {Strongly threatening ...Bb4.} 47. Qe3 Bb4 48. Qxb3 {[#]} Bc5 $1 {[%mdl 512]} 49. Qc2 Qa1+ 50. Kh2 Qe5 51. Nc3 {[#]} (51. f3 {was worth a try.}) 51... Bxf2 $1 {[%mdl 512]} 52. Ne4 $2 {[#]} (52. Qxf2 $19 Qxc3 53. Qa2) 52... Bxg3+ $1 {[%mdl 512] Accuracy: White = 45%, Black = 66%.} 0-1

[Event "ESTCC 50 2019"]
[Site "Mali Losinj"]
[Date "2019.09.20"]
[Round "3.2"]
[White "Zelcic, Robert"]
[Black "Gleizerov, Evgeny"]
[Result "1/2-1/2"]
[WhiteElo "2503"]
[BlackElo "2503"]
[Annotator "ChessBase"]
[PlyCount "69"]
[EventDate "2019.09.18"]
[EventType "team-tourn"]
[EventCountry "CRO"]
[SourceTitle "playchess.com"]
[Source "ChessBase"]
[SourceQuality "1"]
[WhiteTeam "Croatia"]
[BlackTeam "Russia"]
[WhiteTeamCountry "CRO"]
[BlackTeamCountry "RUS"]
[TimeControl "40/5400+30:1800+30"]

1. e4 {[%emt 0:00:30]} e6 {[%emt 0:00:30]} 2. d4 {[%emt 0:00:00]} d5 {[%emt 0:00:00]} 3. Nc3 {[%emt 0:00:00]} Nf6 {[%emt 0:00:00]} 4. Bg5 {[%emt 0:00:00]} Be7 {[%emt 0:00:00]} 5. e5 {[%emt 0:00:00]} Nfd7 {[%emt 0:00:00]} 6. h4 {[%emt 0:00:00]} Nc6 {[%emt 0:00:30]} 7. Qd2 {[%emt 0:00:00]} h6 {[%emt 0:00:00]} 8. Bxe7 {[%emt 0:00:30]} Nxe7 {[%emt 0:00:00]} 9. f4 {[%emt 0:00:00]} a6 {[%emt 0:00:00]} 10. Nf3 {[%emt 0:05:00]} c5 {[%emt 0:00:00]} 11. dxc5 {[%emt 0:05:30]} Nxc5 {[%emt 0:00:30]} 12. Qf2 {[%emt 0:00:30]} Qa5 {[%emt 0:21:30]} 13. Bb5+ {[%emt 0:31:30]} axb5 {[%emt 0:00:30]} 14. Qxc5 {[%emt 0:00:30]} Bd7 {[%emt 0:08:30]} 15. Qf2 {[%emt 0:02:30]} b4 {[%emt 0:01:30]} 16. Nd1 {[%emt 0:00:30]} Bb5 {[%emt 0:05:30]} 17. Nd4 {[%emt 0:00:30]} Nc6 {[%emt 0:01:30]} 18. Nb3 {[%emt 0:03:30]} Qa7 {[%emt 0:01:30]} 19. Qxa7 {[%emt 0:00:30]} Rxa7 {[%emt 0:00:30]} 20. a3 {[%emt 0:00:30]} bxa3 {[%emt 0:05:30]} 21. Rxa3 {[%emt 0:00:30]} Rxa3 {[%emt 0:00:30]} 22. bxa3 {[%emt 0:00:30]} Ke7 {[%emt 0:02:30]} 23. Nc3 {[%emt 0:04:30]} Bc4 {[%emt 0:01:30]} 24. a4 {[%emt 0:03:30]} Ra8 {[%emt 0:11:30]} 25. Nd2 {[%emt 0:15:30]} d4 {[%emt 0:01:30]} 26. Nxc4 {[%emt 0:01:30]} dxc3 {[%emt 0:00:30]} 27. Rh3 {[%emt 0:00:30]} Rxa4 {[%emt 0:03:30]} 28. Rxc3 {[%emt 0:00:00]} g5 {[%emt 0:03:30]} 29. fxg5 {[%emt 0:04:00]} hxg5 {[%emt 0:00:30]} 30. hxg5 {[%emt 0:00:00]} Nxe5 {[%emt 0:06:30]} 31. Nxe5 {[%emt 0:00:00]} Re4+ {[%emt 0:00:30]} 32. Kf2 {[%emt 0:00:30]} Rxe5 {[%emt 0:00:00]} 33. Rc7+ {[%emt 0:00:00]} Ke8 {[%emt 0:00:00]} 34. g6 {[%emt 0:00:00]} fxg6 {[%emt 0:00:00]} 35. Rxb7 {[%emt 0:01:30]} 1/2-1/2

[Event "ESTCC 50 2019"]
[Site "Mali Losinj"]
[Date "2019.09.20"]
[Round "3.3"]
[White "Shcherbakov, Ruslan"]
[Black "Kurajica, Bojan"]
[Result "1-0"]
[WhiteElo "2516"]
[BlackElo "2493"]
[Annotator "ChessBase"]
[PlyCount "45"]
[EventDate "2019.09.18"]
[EventType "team-tourn"]
[EventCountry "CRO"]
[SourceTitle "playchess.com"]
[Source "ChessBase"]
[SourceQuality "1"]
[WhiteTeam "Russia"]
[BlackTeam "Croatia"]
[WhiteTeamCountry "RUS"]
[BlackTeamCountry "CRO"]
[TimeControl "40/5400+30:1800+30"]

1. e4 {[%emt 0:02:30]} c5 {[%emt 0:00:30]} 2. Nf3 {[%emt 0:00:30]} e6 {[%emt 0:00:00]} 3. d4 {[%emt 0:00:30]} cxd4 {[%emt 0:00:00]} 4. Nxd4 {[%emt 0:00:30]} a6 {[%emt 0:00:30]} 5. Nc3 {[%emt 0:02:30]} Qc7 {[%emt 0:00:00]} 6. Bd3 {[%emt 0:02:30]} Bc5 {[%emt 0:02:00]} 7. Be3 {[%emt 0:07:30]} Nf6 {[%emt 0:02:30]} 8. f4 {[%emt 0:17:30]} Bxd4 {[%emt 0:09:30]} 9. Bxd4 {[%emt 0:00:30]} Qxf4 {[%emt 0:00:30]} 10. Rf1 {[%emt 0:07:30]} Qxh2 {[%emt 0:12:30]} 11. e5 {[%emt 0:07:30]} Qg3+ {[%emt 0:14:30]} 12. Rf2 {[%emt 0:01:30]} Ng4 {[%emt 0:03:30]} 13. Ne4 {[%emt 0:00:30]} Nxf2 {[%emt 0:00:30]} 14. Bxf2 {[%emt 0:01:30]} Qxe5 {[%emt 0:00:30]} 15. Bg3 {[%emt 0:00:00]} Qa5+ {[%emt 0:13:30]} 16. b4 {[%emt 0:01:00]} Qxb4+ {[%emt 0:00:30]} 17. c3 {[%emt 0:00:30]} Qa5 {[%emt 0:00:30]} 18. Bd6 {[%emt 0:14:30]} h5 {[%emt 0:11:30]} 19. Qf3 {[%emt 0:04:30]} f5 {[%emt 0:08:01]} 20. Qg3 {[%emt 0:00:30]} Kf7 {[%emt 0:00:14]} 21. Be5 {[%emt 0:05:30]} Rg8 {[%emt 0:00:26]} 22. Nd6+ {[%emt 0:00:30]} Kf8 {[%emt 0:00:07]} 23. Nc4 {[%emt 0:00:30]} 1-0

[Event "ESTCC 50 2019"]
[Site "Mali Losinj"]
[Date "2019.09.20"]
[Round "3.4"]
[White "Fercec, Nenad"]
[Black "Ibragimov, Ildar"]
[Result "1/2-1/2"]
[WhiteElo "2439"]
[BlackElo "2537"]
[Annotator "ChessBase"]
[PlyCount "57"]
[EventDate "2019.09.18"]
[EventType "team-tourn"]
[EventCountry "CRO"]
[SourceTitle "playchess.com"]
[Source "ChessBase"]
[SourceQuality "1"]
[WhiteTeam "Croatia"]
[BlackTeam "Russia"]
[WhiteTeamCountry "CRO"]
[BlackTeamCountry "RUS"]
[TimeControl "40/5400+30:1800+30"]

1. e4 {[%emt 0:00:30]} e5 {[%emt 0:00:30]} 2. Nf3 {[%emt 0:00:00]} Nc6 {[%emt 0:00:30]} 3. Bb5 {[%emt 0:00:00]} a6 {[%emt 0:00:00]} 4. Ba4 {[%emt 0:00:30]} Nf6 {[%emt 0:00:00]} 5. d3 {[%emt 0:00:30]} b5 {[%emt 0:01:30]} 6. Bb3 {[%emt 0:00:00]} Be7 {[%emt 0:00:30]} 7. Nc3 {[%emt 0:01:00]} d6 {[%emt 0:04:30]} 8. a3 {[%emt 0:01:30]} O-O {[%emt 0:03:30]} 9. h3 {[%emt 0:03:30]} Be6 {[%emt 0:12:30]} 10. Nd5 {[%emt 0:08:30]} Na5 {[%emt 0:11:30]} 11. Nxf6+ {[%emt 0:11:30]} Bxf6 {[%emt 0:00:00]} 12. Bxe6 {[%emt 0:00:30]} fxe6 {[%emt 0:00:00]} 13. b4 {[%emt 0:00:30]} Nc6 {[%emt 0:02:30]} 14. O-O {[%emt 0:00:30]} a5 {[%emt 0:05:30]} 15. Bd2 {[%emt 0:03:30]} axb4 {[%emt 0:06:30]} 16. axb4 {[%emt 0:00:30]} d5 {[%emt 0:00:30]} 17. c3 {[%emt 0:02:30]} Ne7 {[%emt 0:08:30]} 18. Rxa8 {[%emt 0:02:30]} Qxa8 {[%emt 0:00:30]} 19. Ng5 {[%emt 0:00:00]} Bxg5 {[%emt 0:02:30]} 20. Bxg5 {[%emt 0:00:00]} Ng6 {[%emt 0:00:00]} 21. Qg4 {[%emt 0:00:30]} Qc6 {[%emt 0:01:00]} 22. g3 {[%emt 0:01:30]} dxe4 {[%emt 0:11:30]} 23. dxe4 {[%emt 0:01:30]} Qxc3 {[%emt 0:00:30]} 24. Qxe6+ {[%emt 0:01:30]} Kh8 {[%emt 0:00:30]} 25. Be7 {[%emt 0:17:30]} Nxe7 {[%emt 0:00:30]} 26. Qxe7 {[%emt 0:01:30]} Kg8 {[%emt 0:00:30]} 27. Qe6+ {[%emt 0:00:30]} Kh8 {[%emt 0:00:30]} 28. Qe7 {[%emt 0:00:30]} Kg8 {[%emt 0:00:00]} 29. Qe6+ {[%emt 0:00:30]} 1/2-1/2

[Event "ESTCC 50 2019"]
[Site "Mali Losinj"]
[Date "2019.09.20"]
[Round "3.5"]
[White "Blatny, Pavel"]
[Black "Mikhalchishin, Adrian"]
[Result "0-1"]
[WhiteElo "2325"]
[BlackElo "2465"]
[Annotator "ChessBase"]
[PlyCount "86"]
[EventDate "2019.09.18"]
[EventType "team-tourn"]
[EventCountry "CRO"]
[SourceTitle "playchess.com"]
[Source "ChessBase"]
[SourceQuality "1"]
[WhiteTeam "Czech Republic"]
[BlackTeam "Slovenia"]
[WhiteTeamCountry "CZE"]
[BlackTeamCountry "SLO"]
[TimeControl "40/5400+30:1800+30"]

1. e3 {[%emt 0:01:30]} d5 {[%emt 0:01:30]} 2. b3 {[%emt 0:00:30]} e5 {[%emt 0:02:30]} 3. Bb2 {[%emt 0:00:30]} f6 {[%emt 0:00:30]} 4. d4 {[%emt 0:00:30]} exd4 {[%emt 0:03:30]} 5. exd4 {[%emt 0:00:30]} Bf5 {[%emt 0:09:30]} 6. Bd3 {[%emt 0:00:30]} Bxd3 {[%emt 0:13:30]} 7. Qxd3 {[%emt 0:01:30]} c6 {[%emt 0:01:30]} 8. Ne2 {[%emt 0:00:30]} Bd6 {[%emt 0:00:30]} 9. O-O {[%emt 0:00:30]} Ne7 {[%emt 0:00:00]} 10. c4 {[%emt 0:02:30]} O-O {[%emt 0:00:00]} 11. Ba3 {[%emt 0:00:00]} Bxa3 {[%emt 0:03:30]} 12. Nxa3 {[%emt 0:00:00]} Na6 {[%emt 0:00:30]} 13. Nc2 {[%emt 0:02:30]} Nc7 {[%emt 0:02:30]} 14. a4 {[%emt 0:01:30]} Qd7 {[%emt 0:02:30]} 15. Ne3 {[%emt 0:00:00]} Ne6 {[%emt 0:05:30]} 16. Rfe1 {[%emt 0:02:00]} Rad8 {[%emt 0:02:30]} 17. c5 {[%emt 0:02:30]} f5 {[%emt 0:02:30]} 18. Nf1 {[%emt 0:03:30]} g5 {[%emt 0:03:30]} 19. Nd2 {[%emt 0:08:30]} Ng6 {[%emt 0:01:30]} 20. h3 {[%emt 0:08:30]} Rde8 {[%emt 0:04:30]} 21. Qg3 {[%emt 0:01:30]} h5 {[%emt 0:05:30]} 22. Qc3 {[%emt 0:06:30]} g4 {[%emt 0:03:30]} 23. Kf1 {[%emt 0:02:30]} Qg7 {[%emt 0:01:30]} 24. b4 {[%emt 0:17:30]} f4 {[%emt 0:02:30]} 25. hxg4 {[%emt 0:06:30]} hxg4 {[%emt 0:02:30]} 26. Ra3 {[%emt 0:00:30]} Qh8 {[%emt 0:08:01]} 27. Kg1 {[%emt 0:02:30]} Nxd4 {[%emt 0:01:56]} 28. Qd3 {[%emt 0:05:30]} Nh4 {[%emt 0:03:04]} 29. Kf1 {[%emt 0:01:30]} Nhf5 {[%emt 0:01:57]} 30. Kg1 {[%emt 0:00:30]} g3 {[%emt 0:01:29]} 31. fxg3 {[%emt 0:03:23]} Re3 {[%emt 0:02:16]} 32. Nxd4 {[%emt 0:03:26]} Rxd3 {[%emt 0:00:30]} 33. Rxd3 {[%emt 0:00:08]} Nxd4 {[%emt 0:00:27]} 34. gxf4 {[%emt 0:00:20]} Rxf4 {[%emt 0:01:14]} 35. Re8+ {[%emt 0:00:33]} Rf8 {[%emt 0:00:08]} 36. Rg3+ {[%emt 0:02:16]} Kf7 {[%emt 0:00:24]} 37. Re1 {[%emt 0:00:25]} Nf5 {[%emt 0:00:56]} 38. Rf3 {[%emt 0:00:20]} Qd4+ {[%emt 0:00:28]} 39. Rf2 {[%emt 0:00:05]} Kg8 {[%emt 0:00:47]} 40. Nf3 {[%emt 0:00:11]} Qxb4 {[%emt 0:00:17]} 41. Re6 {[%emt 0:30:13]} Qxc5 {[%emt 0:30:49]} 42. Rg6+ {[%emt 0:00:05]} Ng7 {[%emt 0:01:48]} 43. Rg4 {[%emt 0:01:06]} b5 {[%emt 0:01:24]} 0-1

[Event "ESTCC 50 2019"]
[Site "Mali Losinj"]
[Date "2019.09.20"]
[Round "3.6"]
[White "Mohr, Georg"]
[Black "Priehoda, Vitezslav"]
[Result "1/2-1/2"]
[WhiteElo "2445"]
[BlackElo "2352"]
[Annotator "ChessBase"]
[PlyCount "100"]
[EventDate "2019.09.18"]
[EventType "team-tourn"]
[EventCountry "CRO"]
[SourceTitle "playchess.com"]
[Source "ChessBase"]
[SourceQuality "1"]
[WhiteTeam "Slovenia"]
[BlackTeam "Czech Republic"]
[WhiteTeamCountry "SLO"]
[BlackTeamCountry "CZE"]
[TimeControl "40/5400+30:1800+30"]

1. c4 {[%emt 0:01:30]} e6 {[%emt 0:00:30]} 2. Nf3 {[%emt 0:01:30]} Nf6 {[%emt 0:00:30]} 3. g3 {[%emt 0:00:30]} d5 {[%emt 0:00:30]} 4. Bg2 {[%emt 0:01:30]} Be7 {[%emt 0:01:30]} 5. O-O {[%emt 0:00:00]} O-O {[%emt 0:00:30]} 6. b3 {[%emt 0:02:00]} c5 {[%emt 0:03:30]} 7. e3 {[%emt 0:01:30]} Nc6 {[%emt 0:01:30]} 8. Bb2 {[%emt 0:00:30]} dxc4 {[%emt 0:12:30]} 9. bxc4 {[%emt 0:00:00]} Qb6 {[%emt 0:08:30]} 10. Qb3 {[%emt 0:10:00]} Nd7 {[%emt 0:14:30]} 11. d3 {[%emt 0:10:30]} Qxb3 {[%emt 0:00:30]} 12. axb3 {[%emt 0:00:30]} Nb4 {[%emt 0:01:30]} 13. Ne1 {[%emt 0:02:30]} Rd8 {[%emt 0:07:30]} 14. Na3 {[%emt 0:15:30]} Nb8 {[%emt 0:02:30]} 15. d4 {[%emt 0:03:30]} N8c6 {[%emt 0:05:30]} 16. Nac2 {[%emt 0:01:30]} cxd4 {[%emt 0:00:30]} 17. exd4 {[%emt 0:01:30]} Bf6 {[%emt 0:01:30]} 18. Nxb4 {[%emt 0:06:30]} Nxb4 {[%emt 0:00:30]} 19. Nf3 {[%emt 0:04:30]} Bd7 {[%emt 0:01:30]} 20. Bc3 {[%emt 0:00:30]} Nc6 {[%emt 0:02:30]} 21. Rfd1 {[%emt 0:02:30]} a6 {[%emt 0:06:30]} 22. Ne5 {[%emt 0:01:30]} Bxe5 {[%emt 0:06:30]} 23. dxe5 {[%emt 0:00:30]} Be8 {[%emt 0:00:30]} 24. f4 {[%emt 0:01:30]} Rac8 {[%emt 0:03:06]} 25. Kf2 {[%emt 0:05:30]} h6 {[%emt 0:00:32]} 26. Ke3 {[%emt 0:00:30]} Rxd1 {[%emt 0:02:45]} 27. Rxd1 {[%emt 0:00:00]} b5 {[%emt 0:00:23]} 28. Ra1 {[%emt 0:05:00]} Nb8 {[%emt 0:03:27]} 29. Bb7 {[%emt 0:08:12]} Rc7 {[%emt 0:00:12]} 30. Bxa6 {[%emt 0:00:15]} Nxa6 {[%emt 0:00:48]} 31. Rxa6 {[%emt 0:00:01]} Rc8 {[%emt 0:01:24]} 32. Kd4 {[%emt 0:00:48]} bxc4 {[%emt 0:00:10]} 33. bxc4 {[%emt 0:00:09]} Bc6 {[%emt 0:00:07]} 34. Bb4 {[%emt 0:00:21]} h5 {[%emt 0:01:44]} 35. Ra7 {[%emt 0:01:16]} Be8 {[%emt 0:00:30]} 36. Bd6 {[%emt 0:03:28]} Kh7 {[%emt 0:00:03]} 37. Rb7 {[%emt 0:02:35]} Kg6 {[%emt 0:00:40]} 38. Rb8 {[%emt 0:01:22]} Rxb8 {[%emt 0:00:08]} 39. Bxb8 {[%emt 0:00:04]} Kf5 {[%emt 0:00:00]} 40. Ke3 {[%emt 0:01:46]} Kg4 {[%emt 0:00:40]} 41. Bd6 {[%emt 0:03:13]} Kh3 {[%emt 0:13:21]} 42. Bf8 {[%emt 0:10:30]} Kxh2 {[%emt 0:04:30]} 43. Kf2 {[%emt 0:00:30]} g5 {[%emt 0:00:30]} 44. fxg5 {[%emt 0:01:30]} Bc6 {[%emt 0:00:30]} 45. Bb4 {[%emt 0:00:30]} Kh3 {[%emt 0:00:30]} 46. Be1 {[%emt 0:01:30]} Kg4 {[%emt 0:00:00]} 47. Ke3 {[%emt 0:00:30]} Kxg5 {[%emt 0:01:00]} 48. Kd4 {[%emt 0:00:00]} Kf5 {[%emt 0:06:06]} 49. Kc5 {[%emt 0:00:00]} Ba8 {[%emt 0:11:14]} 50. Kd6 {[%emt 0:08:16]} f6 {[%emt 0:00:07]} 1/2-1/2

[Event "ESTCC 50 2019"]
[Site "Mali Losinj"]
[Date "2019.09.20"]
[Round "3.7"]
[White "Vokac, Marek"]
[Black "Mencinger, Vojko"]
[Result "1-0"]
[WhiteElo "2332"]
[BlackElo "2332"]
[Annotator "NA"]
[PlyCount "54"]
[EventDate "2019.09.18"]
[EventType "team-tourn"]
[EventCountry "CRO"]
[SourceTitle "playchess.com"]
[Source "ChessBase"]
[SourceQuality "1"]
[WhiteTeam "Czech Republic"]
[BlackTeam "Slovenia"]
[WhiteTeamCountry "CZE"]
[BlackTeamCountry "SLO"]
[TimeControl "40/5400+30:1800+30"]

1. d4 {[%emt 0:00:30]} Nf6 {[%emt 0:01:30]} 2. c4 {[%emt 0:00:30]} e6 {[%emt 0:00:30]} 3. Nf3 {[%emt 0:00:30]} b6 {[%emt 0:00:30]} 4. Bf4 {[%emt 0:00:30]} Bb4+ {[%emt 0:01:30]} 5. Nfd2 {[%emt 0:00:30]} Nh5 {[%emt 0:01:30]} 6. Be5 {[%emt 0:15:30]} f6 {[%emt 0:12:30]} 7. e3 {[%emt 0:01:30]} g6 {[%emt 0:00:30]} 8. Bg3 {[%emt 0:00:30]} Bb7 {[%emt 0:05:30]} 9. Bh4 {[%emt 0:07:30]} Ng7 {[%emt 0:00:30]} 10. f3 {[%emt 0:00:30]} Nf5 {[%emt 0:12:30]} 11. Bf2 {[%emt 0:02:30]} d5 {[%emt 0:00:30]} 12. Qa4+ {[%emt 0:00:30]} Nc6 {[%emt 0:00:30]} 13. cxd5 {[%emt 0:00:30]} exd5 {[%emt 0:00:00]} 14. Bd3 {[%emt 0:04:30]} Qd7 {[%emt 0:02:00]} 15. O-O {[%emt 0:01:30]} O-O-O {[%emt 0:11:30]} 16. Rc1 {[%emt 0:03:30]} Bxd2 {[%emt 0:02:30]} 17. Nxd2 {[%emt 0:00:30]} Nd6 {[%emt 0:00:00]} 18. Rc3 {[%emt 0:04:30]} Ne5 {[%emt 0:07:00]} 19. Qxd7+ {[%emt 0:01:30]} Nxd7 {[%emt 0:00:30]} 20. Rac1 {[%emt 0:04:30]} c5 {[%emt 0:00:30]} 21. Bg3 {[%emt 0:00:30]} Kc7 {[%emt 0:02:30]} 22. b4 {[%emt 0:01:30]} Kc6 {[%emt 0:00:30]} 23. bxc5 {[%emt 0:02:30]} bxc5 {[%emt 0:00:00]} 24. dxc5 {[%emt 0:05:30]} Nf5 {[%emt 0:00:00]} 25. Bxf5 {[%emt 0:00:00]} gxf5 {[%emt 0:00:30]} 26. Nb3 {[%emt 0:00:00]} Ne5 {[%emt 0:00:30]} 27. Nd4+ {[%emt 0:00:30]} Kc7 {[%emt 0:00:00]} 1-0